Starlight Express Characters (1984) - Statistics

General Stats
  • This quiz has been taken 53 times
  • The average score is 22 of 27
Answer Stats
Primary Engines % Correct
Rusty Steam
97%
Electra Electric
94%
Ashley Smoking Car
88%
Buffy Buffet Car
88%
Dinah Dining Car
88%
Greaseball Diesel
88%
Joule Dynamite Truck
88%
Pearl Observation Car
88%
Belle Sleeping Car
84%
CB Caboose
84%
Rocky 1 Boxcar
84%
Rocky 2 Boxcar
84%
Rocky 3 Boxcar
84%
Wrench Repair Truck
84%
Dustin Big Hopper
81%
Killerwatt Security Truck
81%
Poppa Steam
81%
Purse Money Truck
81%
Volta Freezer Truck
81%
Bobo / Coco French
78%
Flat Top Brick Truck
78%
City of Milton Keynes / Prince of Wales / Brexit British
75%
Krupp Armaments Truck
75%
Hashimoto / Nintendo / Manga Japanese
72%
Turnov Russian
69%
Espresso Italian
66%
Weltschaft / Ruhrgold German
66%
No matching quizzes found
Score Distribution
Percent of People with Each Score
Percentile by Number Answered
Your Score History
You have not taken this quiz